[Event "Bohemia South-chT 0405"]
[Site "Czech Republic"]
[Date "2005.??.??"]
[Round "?"]
[White "Kavalir, Jan"]
[Black "Veverka, Frantisek"]
[Result "0-1"]
[WhiteElo "1775"]
[BlackElo "1875"]
[PlyCount "74"]
[EventDate "2004.10.??"]
[EventType "team-tourn"]
[EventRounds "11"]
[EventCountry "CZE"]
[SourceTitle "EXT 2007"]
[Source "ChessBase"]
[SourceDate "2006.11.23"]
[SourceVersion "1"]
[SourceVersionDate "2006.11.23"]
[SourceQuality "1"]

1. e4 g6 2. d4 Bg7 3. Nc3 d6 4. Be3 Nf6 5. Qd2 Nbd7 6. Bh6 0-0 7. 0-0-0 e5 8. Bxg7 Kxg7 9. h4 h5 10. f3 c6 11. dxe5 dxe5 12. f4 exf4 13. Qxf4 Qe7 14. Nf3 Ng4 15. Qg3 Nde5 16. Be2 f5 17. exf5 Bxf5 18. Nd4 Rae8 19. Nxf5+ gxf5 20. Qf4 Ng6 21. Qd4+ Kh6 22. Bxg4 fxg4 23. Qd2+ Qe3 24. Qxe3+ Rxe3 25. Rd7 Rg3 26. Ne4 Rxg2 27. Rxb7 Nxh4 28. Rd1 Nf5 29. Rdd7 h4 30. Rbc7 g3 31. Rxc6+ Kh5 32. Nf6+ Rxf6 33. Rxf6 Rf2 34. Rd8 g2 35. Rg8 h3 36. Rf7 h2 37. Rh7+ Nh6 0-1

[Event "Bohemia South-chT 0405"]
[Site "Czech Republic"]
[Date "2005.??.??"]
[Round "?"]
[White "Veverka, Frantisek"]
[Black "Mlensky, Dalibor"]
[Result "1/2-1/2"]
[WhiteElo "1875"]
[BlackElo "2100"]
[PlyCount "68"]
[EventDate "2004.10.??"]
[EventType "team-tourn"]
[EventRounds "11"]
[EventCountry "CZE"]
[SourceTitle "EXT 2007"]
[Source "ChessBase"]
[SourceDate "2006.11.23"]
[SourceVersion "1"]
[SourceVersionDate "2006.11.23"]
[SourceQuality "1"]

1. d4 d5 2. c4 dxc4 3. Nf3 Nf6 4. g3 a6 5. Bg2 Nc6 6. 0-0 Bf5 7. Nc3 e6 8. Nh4 Bg6 9. Qa4 Qd7 10. Nxg6 hxg6 11. Qxc4 0-0-0 12. Bxc6 Qxc6 13. Qxc6 bxc6 14. e3 c5 15. Ne2 cxd4 16. Nxd4 e5 17. Nf3 Bd6 18. b3 Rh5 19. h4 Ne4 20. Kg2 f6 21. Bb2 Nc5 22. Rad1 Ne6 23. Nd2 g5 24. hxg5 Nxg5 25. Nc4 Rdh8 26. Rh1 Rxh1 27. Rxh1 Rxh1 28. Kxh1 e4 29. Nxd6+ cxd6 30. Kg2 Kd7 31. g4 Kc6 32. Kg3 Kd5 33. Bc3 Ne6 34. Bb4 Ng5 1/2-1/2

[Event "Bohemia South-chT 0405"]
[Site "Czech Republic"]
[Date "2004.??.??"]
[Round "?"]
[White "Veverka, Frantisek"]
[Black "Sysel, Michal"]
[Result "1/2-1/2"]
[WhiteElo "1875"]
[BlackElo "1965"]
[PlyCount "61"]
[EventDate "2004.10.??"]
[EventType "team-tourn"]
[EventRounds "11"]
[EventCountry "CZE"]
[SourceTitle "EXT 2007"]
[Source "ChessBase"]
[SourceDate "2006.11.23"]
[SourceVersion "1"]
[SourceVersionDate "2006.11.23"]
[SourceQuality "1"]

1. d4 Nf6 2. c4 g6 3. Nc3 d5 4. Nf3 Bg7 5. g3 0-0 6. Bg2 c5 7. 0-0 Nc6 8. dxc5 dxc4 9. Qa4 Na5 10. Ne5 Be6 11. Be3 Qc7 12. f4 a6 13. Rfd1 Rfd8 14. h3 Rac8 15. Bf2 Nd7 16. Nxd7 Bxd7 17. Qb4 Be6 18. Nd5 Bxd5 19. Bxd5 e6 20. Bf3 Rxd1+ 21. Rxd1 Bf8 22. Kf1 Bxc5 23. Bxc5 Qxc5 24. Qa4 Nc6 25. Rd7 Rb8 26. h4 a5 27. h5 b5 28. Qd1 gxh5 29. Bxc6 Qxc6 30. Rd8+ Rxd8 31. Qxd8+ 1/2-1/2